[Event "19th Kolkata GM Open 2014"]
[Site "Kolkata IND"]
[Date "2014.03.25"]
[Round "8.10"]
[White "Sundararajan, Kidambi"]
[Black "Abdulla, Al-Rakib"]
[Result "0-1"]
[WhiteTitle "GM"]
[BlackTitle "GM"]
[WhiteElo "2400"]
[BlackElo "2518"]
[WhiteFideId "5005370"]
[BlackFideId "10200444"]
[EventDate "2014.03.18"]

1. c4 Nf6 2. Nc3 d6 3. g3 e5 4. Bg2 Be7 5. e4 c5 6. d3 Nc6 7. Nge2 h5 8. h4 Bg4
9. f3 Bd7 10. Nd5 Nxd5 11. cxd5 Nd4 12. Nxd4 cxd4 13. f4 Qa5+ 14. Qd2 Qa6 15.
O-O Rc8 16. Qd1 Ba4 17. b3 Bb5 18. Rf3 Bd7 19. f5 Kd8 20. a4 Kc7 21. Bd2 Kb8 22.
b4 Qb6 23. b5 Qd8 24. Rf1 g5 25. fxg6 fxg6 26. Rf7 Be8 27. Rf3 Bd7 28. Rf7 Be8
29. Rf3 g5 30. hxg5 Bd7 31. Rf7 Bg4 32. Qe1 Bxg5 33. Rc1 h4 34. Rxc8+ Bxc8 35.
Bxg5 Qxg5 36. gxh4 Rxh4 37. Rg7 Rxe4 38. Rxb7+ Kxb7 39. Qxe4 Bf5 40. Qf3 Qe3+
41. Qxe3 dxe3 42. Bf1 Bg4 43. Bg2 Kb6 0-1

[Event "19th Kolkata GM Open 2014"]
[Site "Kolkata IND"]
[Date "2014.03.25"]
[Round "8.11"]
[White "Shyam, Sundar M."]
[Black "Prasanna Raghuram Rao"]
[Result "1/2-1/2"]
[WhiteTitle "GM"]
[BlackTitle "IM"]
[WhiteElo "2507"]
[BlackElo "2410"]
[WhiteFideId "5019141"]
[BlackFideId "5022401"]
[EventDate "2014.03.18"]

1. c4 Nf6 2. Nc3 e5 3. Nf3 Nc6 4. g3 Nd4 5. Bg2 Nxf3+ 6. Bxf3 Bb4 7. Qb3 Bxc3 8.
Qxc3 d6 9. d4 Qe7 10. dxe5 dxe5 11. b4 O-O 12. Bb2 Re8 13. Bg2 e4 14. O-O h5 15.
Rad1 c6 16. Rd4 Bf5 17. Rfd1 Rad8 18. a3 Rxd4 19. Qxd4 Qe6 20. Bf1 Bg4 21. Qxa7
Qxc4 22. Bxf6 gxf6 23. Qe3 Qc2 24. Rc1 Qa2 25. h3 Bf5 26. Rc5 Bg6 27. f4 Qe6 28.
Qf2 f5 29. Re5 Qd7 30. Rxe8+ Qxe8 31. Qd4 Qa8 32. Qc3 Qd8 33. h4 f6 34. Kf2 Kg7
35. a4 Qd1 36. a5 Bf7 37. Bh3 Kg6 38. Bg2 Bd5 39. Bf1 Qb1 40. Qd4 Qa2 41. Qc3
Qb1 42. Qd4 Qa2 43. Qc3 1/2-1/2

[Event "19th Kolkata GM Open 2014"]
[Site "Kolkata IND"]
[Date "2014.03.25"]
[Round "8.12"]
[White "Ghosh, Diptayan"]
[Black "Neelotpal, Das"]
[Result "1-0"]
[WhiteTitle "IM"]
[BlackTitle "GM"]
[WhiteElo "2481"]
[BlackElo "2427"]
[WhiteFideId "5045207"]
[BlackFideId "5003512"]
[EventDate "2014.03.18"]

1. Nf3 c5 2. c4 Nc6 3. Nc3 e5 4. g3 g6 5. Bg2 Bg7 6. O-O Nge7 7. a3 a5 8. Ne1
O-O 9. Nc2 d6 10. d3 Be6 11. Ne3 Rb8 12. Ned5 h6 13. Rb1 Kh7 14. Bd2 f5 15. b4
axb4 16. axb4 cxb4 17. Nxb4 Nxb4 18. Rxb4 d5 19. cxd5 Nxd5 20. Nxd5 Bxd5 21. Rb5
Bxg2 22. Kxg2 Rf7 23. Qb3 Qe8 24. Kg1 Rd7 25. Bc3 Rc7 26. Ba1 e4 27. Bxg7 Kxg7
28. d4 Qd7 29. e3 Rf8 30. Rb1 Rf7 31. Rb6 Qc8 32. Kg2 g5 33. Qd5 Kh7 34. g4 Rce7
35. Qd6 f4 36. Qxh6+ Kg8 37. h3 Qe8 38. Qxg5+ Rg7 39. Qd5+ Ref7 40. exf4 1-0

[Event "19th Kolkata GM Open 2014"]
[Site "Kolkata IND"]
[Date "2014.03.25"]
[Round "8.13"]
[White "Rathnakaran, K."]
[Black "Arun Prasad, S."]
[Result "0-1"]
[WhiteTitle "IM"]
[BlackTitle "GM"]
[WhiteElo "2389"]
[BlackElo "2477"]
[WhiteFideId "5005507"]
[BlackFideId "5011167"]
[EventDate "2014.03.18"]

1. e4 c6 2. Nc3 d5 3. Nf3 Bg4 4. h3 Bxf3 5. Qxf3 Nf6 6. e5 Nfd7 7. Qg3 e6 8. Be2
c5 9. f4 Nc6 10. O-O g6 11. f5 gxf5 12. Nxd5 exd5 13. e6 fxe6 14. Bh5+ Ke7 15.
d3 Nf6 16. Bg5 Kd7 17. Qe3 Bg7 18. Rae1 Qg8 19. Bxf6 Bxf6 20. c3 d4 21. Qd2 Bg5
22. Qd1 Be3+ 23. Kh1 Rd8 24. b4 cxb4 25. cxd4 Bxd4 26. Qa4 Qg3 27. Qb5 Be5 28.
Rxe5 Qxe5 29. Qxb7+ Qc7 30. Qb5 Qb6 31. Qa4 Ke7 32. Qc2 Rhg8 33. Re1 Rg5 34. Qc4
Nd4 35. Be2 f4 0-1

[Event "19th Kolkata GM Open 2014"]
[Site "Kolkata IND"]
[Date "2014.03.25"]
[Round "8.14"]
[White "Karthikeyan, P."]
[Black "Haznedaroglu, Kivanc"]
[Result "1-0"]
[WhiteTitle "IM"]
[BlackTitle "GM"]
[WhiteElo "2355"]
[BlackElo "2462"]
[WhiteFideId "5018226"]
[BlackFideId "6300634"]
[EventDate "2014.03.18"]

1. d4 Nf6 2. c4 g6 3. f3 Bg7 4. e4 d6 5. Nc3 c6 6. Be3 a6 7. Qd2 b5 8. O-O-O Qa5
9. Kb1 b4 10. Nce2 Nbd7 11. Nc1 O-O 12. Bh6 e5 13. Bxg7 Kxg7 14. Nge2 d5 15.
exd5 cxd5 16. c5 Qc7 17. Nd3 a5 18. c6 Qxc6 19. dxe5 Ne8 20. h4 h5 21. g4 hxg4
22. h5 Rh8 23. Bg2 Ba6 24. Nd4 Qb6 25. Nf4 Nxe5 26. hxg6 Nd6 27. Qf2 Ndc4 28.
Nf5+ Kg8 29. Rxh8+ Kxh8 30. Qh4+ 1-0

[Event "19th Kolkata GM Open 2014"]
[Site "Kolkata IND"]
[Date "2014.03.25"]
[Round "8.15"]
[White "Laxman, R.R."]
[Black "Padmini, Rout"]
[Result "1/2-1/2"]
[WhiteTitle "GM"]
[BlackTitle "WGM"]
[WhiteElo "2454"]
[BlackElo "2356"]
[WhiteFideId "5005361"]
[BlackFideId "5029295"]
[EventDate "2014.03.18"]

1. d4 Nf6 2. c4 g6 3. Nc3 d5 4. cxd5 Nxd5 5. e4 Nxc3 6. bxc3 Bg7 7. Qa4+ Qd7 8.
Qb3 O-O 9. Be3 b6 10. Nf3 Bb7 11. Bd3 c5 12. O-O Nc6 13. Rad1 Na5 14. Qb1 cxd4
15. cxd4 Rac8 16. d5 Nc4 17. Bd4 Bxd4 18. Nxd4 e6 19. Bxc4 Rxc4 20. dxe6 fxe6
21. Nf5 Qc7 22. Nd6 Rc6 23. Qb4 Ba6 24. Rfe1 Rc2 25. Qb3 Qc5 26. Qxe6+ Kh8 27.
Kh1 Rcxf2 28. Rg1 Bf1 29. h3 Qg5 30. Qg4 Qf6 31. Qg3 Rf4 32. Qe3 Qe5 33. Rd5 Qe6
34. Qd4+ Kg8 35. Kh2 R4f6 36. Nb7 Rf3 37. Rh5 Rf2 38. Rg5 Qxa2 39. Nd6 Qd2 40.
Qxd2 Rxd2 41. e5 Kg7 42. Ne4 Rd4 43. Nf6 Bc4 44. Rg4 Rxg4 45. hxg4 a5 46. Nd7
Rf4 47. Nxb6 Be6 48. Rc1 a4 49. Rc7+ Kh6 50. Ra7 Rxg4 51. Rxa4 Kg5 52. g3 Rxa4
53. Nxa4 Kf5 54. Nc5 Kxe5 55. Nd3+ Ke4 56. Nc5+ Kd5 57. Nd3 Kd4 58. Nf4 Bf7 59.
g4 g5 60. Nh3 h6 61. Kg3 Ke3 62. Nf2 Bb3 63. Nh3 Bc4 64. Nf2 Be2 65. Nh3 Bd3 1/2-1/2

[Event "19th Kolkata GM Open 2014"]
[Site "Kolkata IND"]
[Date "2014.03.26"]
[Round "9.1"]
[White "Barbosa, Oliver"]
[Black "Landa, Konstantin"]
[Result "1-0"]
[WhiteTitle "GM"]
[BlackTitle "GM"]
[WhiteElo "2564"]
[BlackElo "2645"]
[WhiteFideId "5201640"]
[BlackFideId "4101685"]
[EventDate "2014.03.18"]

1. d4 d5 2. Nf3 c5 3. c4 cxd4 4. cxd5 Nf6 5. Qa4+ Qd7 6. Qxd4 Qxd5 7. Nc3 Qxd4
8. Nxd4 a6 9. g3 e5 10. Nb3 Nc6 11. Bg2 Be6 12. O-O Bb4 13. Bg5 Bxc3 14. bxc3
Bd5 15. Bxf6 Bxg2 16. Kxg2 gxf6 17. Rfd1 Rc8 18. Nc5 Rc7 19. Rab1 Nd8 20. Rd5
Rg8 21. Rbd1 Ne6 22. Nxe6 fxe6 23. Rd8+ Kf7 24. R1d7+ Rxd7 25. Rxd7+ Kg6 26.
Rxb7 Rc8 27. Rb6 a5 28. Rb5 Rxc3 29. Rxa5 e4 30. Ra8 e5 31. e3 f5 32. a4 f4 33.
gxf4 exf4 34. exf4 Rf3 35. Rg8+ Kh5 36. Rg3 Rxf4 37. Re3 Rg4+ 38. Kf1 1-0

[Event "19th Kolkata GM Open 2014"]
[Site "Kolkata IND"]
[Date "2014.03.26"]
[Round "9.2"]
[White "Adhiban, Baskaran"]
[Black "Rahman, Ziaur"]
[Result "1/2-1/2"]
[WhiteTitle "GM"]
[BlackTitle "GM"]
[WhiteElo "2608"]
[BlackElo "2486"]
[WhiteFideId "5018471"]
[BlackFideId "10200037"]
[EventDate "2014.03.18"]

1. e4 c5 2. Nf3 e6 3. d4 cxd4 4. Nxd4 Nf6 5. Nc3 Qb6 6. Nb3 Bb4 7. Bd3 d6 8. O-O
Bxc3 9. bxc3 O-O 10. Kh1 e5 11. f4 Nbd7 12. Ba3 Re8 13. Qe1 Qc7 14. Rd1 a6 15.
Qh4 b6 16. Nd2 b5 17. g4 Nc5 18. Bxc5 dxc5 19. f5 c4 20. g5 Nd7 21. Be2 Bb7 22.
f6 Nf8 23. Bh5 Rad8 24. Rf2 Bc8 25. Rg1 Be6 26. Rg3 Rd7 27. Bg4 Ng6 28. Qh5 Bxg4
29. Qxg4 Red8 30. Nf1 Rd1 31. Rg1 Qc5 32. Qf3 Re1 33. fxg7 Nf4 34. h4 Rdd1 35.
Kh2 Kxg7 36. Rg4 Qxf2+ 37. Qxf2 Rxf1 38. Rxf4 Rxf2+ 39. Rxf2 Re1 40. Kg3 Rxe4
41. h5 h6 42. gxh6+ Kxh6 43. Rxf7 Kxh5 44. Kf3 Re1 45. Ra7 Kg5 46. Rxa6 Kf5 47.
a4 e4+ 48. Kf2 Rc1 49. Ke3 Rxc2 50. axb5 Ke5 51. Ra3 Rh2 52. b6 Rh3+ 53. Ke2
Rh2+ 54. Ke3 Rh3+ 55. Ke2 Rh2+ 1/2-1/2

[Event "19th Kolkata GM Open 2014"]
[Site "Kolkata IND"]
[Date "2014.03.26"]
[Round "9.3"]
[White "Sethuraman, S.P."]
[Black "Vidit, Santosh Gujrathi"]
[Result "0-1"]
[WhiteTitle "GM"]
[BlackTitle "GM"]
[WhiteElo "2578"]
[BlackElo "2602"]
[WhiteFideId "5021596"]
[BlackFideId "5029465"]
[EventDate "2014.03.18"]

1. e4 c6 2. d4 d5 3. e5 Bf5 4. Nf3 e6 5. Be2 Ne7 6. O-O Nd7 7. c3 c5 8. dxc5
Nxc5 9. Nd4 Bg6 10. Be3 Nc6 11. Bb5 Rc8 12. c4 Bd3 13. Re1 Bxc4 14. Nxc6 bxc6
15. Bxc4 dxc4 16. Nd2 Nd3 17. Rf1 Nxe5 18. f4 c3 19. bxc3 Nd7 20. Ne4 Qa5 21. f5
exf5 22. Nd6+ Bxd6 23. Qxd6 Qc7 24. Qa3 Nf8 25. Rxf5 Ne6 26. Ra5 Ra8 27. Rd1 a6
28. Rxa6 Rxa6 29. Qxa6 O-O 30. Qc4 Ra8 31. a4 h6 32. h3 c5 33. Bf2 Qb7 34. Re1
Ra5 35. h4 Qc6 36. Ra1 Qd7 37. Be3 Nc7 38. Bf2 Qd5 39. Qxd5 Nxd5 40. c4 Nb6 41.
Rb1 Nxc4 42. Rb5 Rxa4 43. Rxc5 Nd6 44. Rc6 Ne4 45. Be3 h5 46. Bf4 Kh7 47. g3 f6
48. Kg2 Kg6 49. Rc7 Ra3 50. Rd7 Nc5 51. Re7 Ra6 52. Be3 Ne6 53. Rb7 Ra5 54. Kf3
Kf5 55. Rb4 Re5 56. Bf2 Rd5 57. Be3 Nf8 58. Rf4+ Ke6 59. Re4+ Kf7 60. Ra4 Nd7
61. Ra6 Kg6 62. Ra4 Kf5 63. Rf4+ Ke6 64. Ra4 Rb5 65. Bf4 Kf5 66. Ra7 Rd5 67. Kf2
Kg4 68. Kg2 g6 69. Ra4 Kf5 70. Kf3 Rb5 71. Rd4 Rb3+ 72. Ke2 Ne5 73. Ra4 Rb2+ 74.
Ke3 Ng4+ 75. Kd3 Nf2+ 76. Ke3 Nd1+ 77. Kd3 Rb5 78. Rd4 Nf2+ 79. Ke3 Ng4+ 80. Ke2
Rb3 81. Ra4 Rb2+ 82. Kd3 Rg2 83. Rb4 Nh2 84. Ke3 Kg4 85. Rb1 Ra2 86. Ke4 Re2+
87. Kd5 Nf3 88. Rb4 Kf5 89. Kc6 Re1 90. Kd6 g5 91. hxg5 fxg5 92. Kc5 Re4 93.
Rxe4 Kxe4 94. Bc7 Nd4 95. Kc4 Nf5 96. Kc3 Kf3 97. Kd2 Nxg3 98. Ke1 h4 0-1

[Event "19th Kolkata GM Open 2014"]
[Site "Kolkata IND"]
[Date "2014.03.26"]
[Round "9.4"]
[White "Lalith, Babu M.R."]
[Black "Kunte, Abhijit"]
[Result "1/2-1/2"]
[WhiteTitle "GM"]
[BlackTitle "GM"]
[WhiteElo "2585"]
[BlackElo "2439"]
[WhiteFideId "5024595"]
[BlackFideId "5002265"]
[EventDate "2014.03.18"]

1. d4 Nf6 2. c4 e6 3. Nf3 Bb4+ 4. Nbd2 a5 5. a3 Be7 6. e4 d6 7. Be2 Nfd7 8. Nb1
d5 9. Nc3 dxe4 10. Nxe4 Nf6 11. Qc2 Nbd7 12. Nxf6+ Nxf6 13. Be3 O-O 14. Ne5 c5
15. O-O-O cxd4 16. Bxd4 Qc7 17. g4 Nd7 18. Qe4 Nc5 19. Bxc5 Bxc5 20. g5 Bd6 21.
Bd3 g6 22. Rhe1 a4 23. h4 Bxe5 24. Qxe5 Qxe5 25. Rxe5 Bd7 26. Be4 Bc6 27. Bxc6
bxc6 28. Rc5 Ra6 29. Rd6 Rc8 30. Rd7 Kf8 31. Re5 Ke8 32. Rb7 Rd8 33. Re4 Rd7 34.
Rb4 Ra5 35. Rb8+ Rd8 36. Rxd8+ Kxd8 37. Rf4 Rf5 38. Rxf5 gxf5 39. c5 e5 40. b3
axb3 41. Kb2 Kc7 42. Kxb3 Kb7 43. Kc3 Ka6 44. Kb4 Kb7 45. Kc3 Ka6 46. Kb4 Kb7 1/2-1/2

[Event "19th Kolkata GM Open 2014"]
[Site "Kolkata IND"]
[Date "2014.03.26"]
[Round "9.5"]
[White "Short, Nigel D"]
[Black "Sengupta, Deep"]
[Result "1/2-1/2"]
[WhiteTitle "GM"]
[BlackTitle "GM"]
[WhiteElo "2674"]
[BlackElo "2529"]
[WhiteFideId "400025"]
[BlackFideId "5008352"]
[EventDate "2014.03.18"]

1. c4 e6 2. Nf3 d5 3. g3 Nf6 4. Bg2 dxc4 5. Qa4+ c6 6. Qxc4 b5 7. Qc2 Bb7 8. O-O
Nbd7 9. b3 Be7 10. Bb2 O-O 11. d3 Rc8 12. Nbd2 Qb6 13. Rac1 Rfd8 14. Qb1 c5 15.
Rfd1 a6 16. Nf1 Nd5 17. a3 Bf6 18. e4 Bxb2 19. Qxb2 Ne7 20. Ne3 Nc6 21. b4 Nd4
22. Rc3 Qd6 23. Rdc1 cxb4 24. axb4 Rxc3 25. Rxc3 Nb6 26. Rc1 Nc6 27. Rb1 Na4 28.
Qd2 Qxd3 29. Qxd3 Rxd3 30. Bf1 Rd7 31. Rb3 Nd4 32. Nxd4 Rxd4 33. f3 Rd2 34. Bd3
g6 35. h4 f5 36. Kf1 fxe4 37. fxe4 Nb2 38. Be2 Bxe4 39. Ke1 Nc4 40. Nxc4 bxc4
41. Kxd2 cxb3 42. Kc3 Bb7 43. Kxb3 Kf7 44. Ka4 e5 45. Ka5 Ke7 46. Kb6 Bc8 47.
Kc7 Bd7 48. Bxa6 e4 49. b5 Bxb5 50. Bxb5 h5 51. Kc6 Kf6 52. Kd5 g5 53. Kxe4 gxh4
54. gxh4 Kg7 55. Kf5 Kh8 56. Kg6 Kg8 57. Kxh5 Kh8 58. Kg6 Kg8 59. h5 Kh8 60. h6
Kg8 61. Bc4+ Kh8 62. Ba2 1/2-1/2

[Event "19th Kolkata GM Open 2014"]
[Site "Kolkata IND"]
[Date "2014.03.26"]
[Round "9.6"]
[White "Abdulla, Al-Rakib"]
[Black "Fedorchuk, Sergey A."]
[Result "1/2-1/2"]
[WhiteTitle "GM"]
[BlackTitle "GM"]
[WhiteElo "2518"]
[BlackElo "2647"]
[WhiteFideId "10200444"]
[BlackFideId "14102536"]
[EventDate "2014.03.18"]

1. d4 Nf6 2. Nf3 e6 3. Bg5 c5 4. e3 b6 5. c3 Bb7 6. Nbd2 Be7 7. Bd3 cxd4 8. cxd4
Nc6 9. a3 Nd5 10. Bxe7 Qxe7 11. O-O O-O 12. Re1 d6 13. Rc1 Rfc8 14. Qe2 Rc7 15.
Rc2 Rac8 16. Rec1 h6 17. h3 Qd8 18. Ne1 Nde7 19. Qg4 Nb8 20. Rxc7 Rxc7 21. Rxc7
Qxc7 22. Qd1 Kf8 23. Qc2 Qxc2 24. Nxc2 Ba6 25. Bxa6 Nxa6 26. Kf1 Nc6 27. Ke2 Nc7
28. e4 Ke7 29. Kd3 f5 30. f3 Kf6 31. f4 g5 32. exf5 exf5 33. fxg5+ hxg5 34. Ne3
Ne6 35. Nf3 b5 36. Nd5+ Kg6 37. g4 a6 38. b4 fxg4 39. hxg4 a5 40. bxa5 Nxa5 41.
Kc3 Nc6 42. Ne3 Nf4 43. d5 Ne2+ 44. Kd2 Ncd4 45. Nf5 Nxf3+ 46. Kxe2 Ne5 47. Nxd6
Nxg4 48. Nxb5 Ne5 49. a4 Nc4 50. Nc3 Kf5 51. Kd3 Na5 52. Kd4 g4 53. Ne4 Nb7 54.
d6 Ke6 55. Ke3 Nxd6 1/2-1/2

[Event "19th Kolkata GM Open 2014"]
[Site "Kolkata IND"]
[Date "2014.03.26"]
[Round "9.7"]
[White "Arun Prasad, S."]
[Black "Mchedlishvili, Mikheil"]
[Result "1/2-1/2"]
[WhiteTitle "GM"]
[BlackTitle "GM"]
[WhiteElo "2477"]
[BlackElo "2639"]
[WhiteFideId "5011167"]
[BlackFideId "13600966"]
[EventDate "2014.03.18"]

1. Nf3 g6 2. d4 Nf6 3. Bg5 Bg7 4. Nbd2 c5 5. e3 b6 6. c3 Bb7 7. Bd3 d5 8. h3
Nbd7 9. a4 O-O 10. O-O Qc8 11. Re1 Re8 12. Bf4 a6 13. Ne5 e6 14. Rc1 c4 15. Bb1
b5 16. b3 Bf8 17. axb5 axb5 18. b4 Ra3 19. Nxd7 Qxd7 20. e4 dxe4 21. Bxe4 Bxe4
22. Nxe4 Nd5 23. Bg5 Bg7 24. Qd2 Rea8 25. Rc2 Ra1 26. Rec1 Qc6 27. Ng3 R8a3 28.
Ne2 Qa8 29. Be3 Bf8 30. Rxa1 Rxa1+ 31. Rc1 Bd6 32. Rxa1 Qxa1+ 33. Qc1 Qa2 34.
Bd2 f6 35. Kf1 Kf7 36. Be1 g5 37. Bd2 h5 38. Be1 Bf4 39. Qd1 h4 40. Kg1 Ke7 41.
Nxf4 Nxf4 42. Bd2 Nd5 43. Qc1 Kf7 1/2-1/2

[Event "19th Kolkata GM Open 2014"]
[Site "Kolkata IND"]
[Date "2014.03.26"]
[Round "9.8"]
[White "Pantsulaia, Levan"]
[Black "Deepan, Chakkravarthy J."]
[Result "0-1"]
[WhiteTitle "GM"]
[BlackTitle "GM"]
[WhiteElo "2606"]
[BlackElo "2496"]
[WhiteFideId "13602071"]
[BlackFideId "5011132"]
[EventDate "2014.03.18"]

1. Nf3 d5 2. g3 Nf6 3. Bg2 c6 4. c4 g6 5. b3 Bg7 6. Bb2 O-O 7. d3 a5 8. Nbd2 Bg4
9. O-O Nbd7 10. Rc1 Re8 11. h3 Bxf3 12. Nxf3 e5 13. cxd5 Nxd5 14. Nd2 a4 15.
bxa4 Qa5 16. a3 N5b6 17. Ne4 Nxa4 18. Ba1 Nac5 19. Nxc5 Nxc5 20. Qc2 Ne6 21. Rb1
Ra7 22. Rb3 Nc5 23. Rc3 Ne6 24. e3 Rd8 25. Rb1 e4 26. Bxe4 Bxc3 27. Bxc3 Qxa3
28. Bb2 Qc5 29. Qb3 Ra5 30. Rc1 Rb5 31. Qa2 Qe7 32. Qa1 Nc5 33. Ba3 Ra8 34. Rc3
Nxe4 0-1

[Event "19th Kolkata GM Open 2014"]
[Site "Kolkata IND"]
[Date "2014.03.26"]
[Round "9.9"]
[White "Grigoryan, Avetik"]
[Black "Ghosh, Diptayan"]
[Result "1-0"]
[WhiteTitle "GM"]
[BlackTitle "IM"]
[WhiteElo "2583"]
[BlackElo "2481"]
[WhiteFideId "13302191"]
[BlackFideId "5045207"]
[EventDate "2014.03.18"]

1. c4 c5 2. g3 g6 3. Bg2 Bg7 4. Nc3 Nc6 5. Nf3 e6 6. d4 cxd4 7. Nb5 d5 8. cxd5
exd5 9. O-O Nge7 10. Bf4 O-O 11. Qd2 Bg4 12. Nbxd4 Qb6 13. Be3 Qa6 14. b3 Rfe8
15. h3 Bxf3 16. Bxf3 Rad8 17. Rfd1 h5 18. a4 Nxd4 19. Bxd4 Bxd4 20. Qxd4 Nc6 21.
Qc5 d4 22. Qb5 Ne5 23. Bxb7 Qe6 24. Rac1 h4 25. g4 d3 26. e3 Rb8 27. Qa6 Qe7 28.
Bd5 Red8 29. Qa5 Rb6 30. Rc5 Qf6 31. Bg2 Re8 32. Qc3 Qe6 33. Bd5 Qf6 34. Qd4
Nf3+ 35. Bxf3 Qxf3 36. Rxd3 Rf6 37. Rd2 Re4 38. Qd3 Kh7 39. Kh2 Rd6 40. Qe2 Qf6
41. Kg2 Rb4 42. Qf3 Qxf3+ 43. Kxf3 Rf6+ 44. Kg2 Rxb3 45. Rc7 a5 46. Ra7 Ra3 47.
Rxa5 Kg7 48. g5 Rc6 49. Rd4 Rc2 50. Rf4 Rxe3 51. Ra7 Rg3+ 52. Kh2 Rxg5 53.
Raxf7+ Kh6 54. Rxh4+ Rh5 55. Rxh5+ gxh5 56. Kg2 Kg5 57. a5 Ra2 58. Ra7 Kh4 59.
a6 Ra5 60. Ra8 Ra4 61. a7 Ra2 62. Kf1 Kxh3 63. f4 Ra6 64. f5 h4 65. Ke2 Kh2 66.
f6 Re6+ 67. Kd3 Rxf6 68. Rh8 Ra6 69. a8=Q Rxa8 70. Rxa8 h3 71. Ke2 Kg2 72. Rg8+
Kh2 73. Kf3 1-0

[Event "19th Kolkata GM Open 2014"]
[Site "Kolkata IND"]
[Date "2014.03.26"]
[Round "9.10"]
[White "Danielsen, Henrik"]
[Black "Karthikeyan, P."]
[Result "1-0"]
[WhiteTitle "GM"]
[BlackTitle "IM"]
[WhiteElo "2501"]
[BlackElo "2355"]
[WhiteFideId "1400185"]
[BlackFideId "5018226"]
[EventDate "2014.03.18"]

1. c4 c6 2. Nf3 d5 3. d4 Nf6 4. Nbd2 Bf5 5. g3 h6 6. Bg2 e6 7. O-O Be7 8. b3 O-O
9. Bb2 a5 10. a3 Nbd7 11. Re1 Bh7 12. e3 Re8 13. Bf1 Ne4 14. Nxe4 Bxe4 15. Nd2
Bg6 16. e4 dxe4 17. Nxe4 Nf6 18. Nd2 c5 19. Nf3 Bh5 20. Bg2 Qb6 21. d5 exd5 22.
cxd5 a4 23. b4 cxb4 24. axb4 Bxb4 25. Rxe8+ Rxe8 26. Bd4 Bxf3 27. Bxf3 Qb5 28.
Qc2 Nxd5 29. Rb1 a3 30. Qb3 Rd8 31. Ba1 Qc5 32. Rd1 Re8 33. Bxd5 Re1+ 34. Rxe1
Bxe1 35. Qf3 Qe7 36. Qg4 Qf8 37. Bxb7 1-0

[Event "19th Kolkata GM Open 2014"]
[Site "Kolkata IND"]
[Date "2014.03.26"]
[Round "9.11"]
[White "Padmini, Rout"]
[Black "Gopal, G.N."]
[Result "0-1"]
[WhiteTitle "WGM"]
[BlackTitle "GM"]
[WhiteElo "2356"]
[BlackElo "2558"]
[WhiteFideId "5029295"]
[BlackFideId "5015693"]
[EventDate "2014.03.18"]

1. e4 c5 2. Nf3 e6 3. d4 cxd4 4. Nxd4 Nc6 5. Nc3 Qc7 6. Be2 a6 7. Be3 Nf6 8. O-O
Be7 9. f4 d6 10. Qe1 O-O 11. Qg3 Nxd4 12. Bxd4 b5 13. e5 dxe5 14. fxe5 Bc5 15.
Bxc5 Qxc5+ 16. Kh1 Nd7 17. Bd3 Qxe5 18. Qf3 Rb8 19. Rae1 Qg5 20. Qh3 g6 21. Ne4
Qe7 22. Qg3 e5 23. Nc3 Bb7 24. Bf5 f6 25. Ne4 Rbd8 26. Qg4 Bxe4 27. Rxe4 Kh8 28.
Bxd7 f5 0-1

[Event "19th Kolkata GM Open 2014"]
[Site "Kolkata IND"]
[Date "2014.03.26"]
[Round "9.12"]
[White "Kunal, M."]
[Black "Shyam, Sundar M."]
[Result "1-0"]
[BlackTitle "GM"]
[WhiteElo "2339"]
[BlackElo "2507"]
[WhiteFideId "5018250"]
[BlackFideId "5019141"]
[EventDate "2014.03.18"]

1. e4 e6 2. d4 d5 3. Nd2 Nc6 4. Ngf3 Nf6 5. e5 Nd7 6. Nb3 Be7 7. h4 a5 8. a4 f6
9. Bb5 O-O 10. exf6 Nxf6 11. Bxc6 bxc6 12. Ne5 Ne4 13. Be3 Qd6 14. f3 Ng3 15.
Rh3 Nf5 16. Bf2 Bf6 17. f4 Bxe5 18. fxe5 Qb4+ 19. Qd2 Qb6 20. O-O-O Rb8 21. Qxa5
Qxa5 22. Nxa5 Ra8 23. Be1 Bd7 24. Ra3 Nxh4 25. Bxh4 Rxa5 26. b4 Ra6 27. a5 h6
28. Be7 Rf7 29. Bc5 Bc8 30. Rdd3 Ra8 31. Rf3 Rf5 32. g4 Rxf3 33. Rxf3 Ba6 34.
Kd2 Re8 35. g5 hxg5 36. Ke3 Rd8 37. Kf2 Bb5 38. Kg3 Ba6 39. Rf2 Bb5 40. Kg4 Rd7
41. Rf8+ Kh7 42. Kxg5 Be2 43. Re8 Rf7 44. Rxe6 Rf3 45. Rxc6 Rg3+ 46. Kh4 Rg4+
47. Kh3 Rg6 48. Rxg6 Kxg6 49. e6 Kf6 50. e7 Kf7 51. Kh4 Ba6 52. Kg5 Be2 53. Kf5
Bb5 54. Ke5 Bc4 55. b5 Bxb5 56. Kxd5 Ke8 57. c4 Ba4 58. a6 Kd7 59. e8=Q+ Kxe8
60. a7 1-0

[Event "19th Kolkata GM Open 2014"]
[Site "Kolkata IND"]
[Date "2014.03.26"]
[Round "9.13"]
[White "Prasanna Raghuram Rao"]
[Black "Laxman, R.R."]
[Result "1-0"]
[WhiteTitle "IM"]
[BlackTitle "GM"]
[WhiteElo "2410"]
[BlackElo "2454"]
[WhiteFideId "5022401"]
[BlackFideId "5005361"]
[EventDate "2014.03.18"]

1. d4 Nf6 2. c4 e6 3. g3 d5 4. Bg2 Bb4+ 5. Bd2 Be7 6. Nf3 O-O 7. O-O c6 8. Qc2
b6 9. Rd1 Bb7 10. Bf4 Nbd7 11. Ne5 Rc8 12. Nc3 Nh5 13. Bd2 Nhf6 14. Bf4 Nh5 15.
Bc1 f5 16. Nxd7 Qxd7 17. Qa4 Nf6 18. Bg5 dxc4 19. Qxc4 Nd5 20. Bxe7 Qxe7 21.
Rac1 f4 22. Qd3 Rcd8 23. Qc2 Kh8 24. a3 Qf6 25. Ne4 Qh6 26. b4 Rf5 27. Bf3 Rff8
28. Qd3 Qg6 29. Nc3 Qg5 30. Ne4 Qg6 31. Nc3 Qg5 32. Qd2 Qg6 33. Qc2 Qg5 34. Ne4
Qg6 35. Nc3 Qg5 36. Ne4 Qg6 37. Qb3 Qf5 38. Qb1 e5 39. Qb2 exd4 40. Rxd4 Qe5 41.
Rcd1 Rde8 42. Qd2 fxg3 43. hxg3 Re7 44. b5 cxb5 45. Rxd5 Bxd5 46. Qxd5 Qxd5 47.
Rxd5 a6 48. Rd6 Rb8 49. Nc3 Rc7 50. Nd5 Rc1+ 51. Kg2 Ra1 52. e4 Rxa3 53. e5 Kg8
54. e6 a5 55. e7 Re8 56. Nc7 Kf7 57. Nxe8 Kxe7 58. Rxb6 Kxe8 59. Rxb5 1-0

[Event "19th Kolkata GM Open 2014"]
[Site "Kolkata IND"]
[Date "2014.03.26"]
[Round "9.14"]
[White "Swapnil, S. Dhopade"]
[Black "Swayams, Mishra"]
[Result "1/2-1/2"]
[WhiteTitle "IM"]
[BlackTitle "IM"]
[WhiteElo "2424"]
[BlackElo "2445"]
[WhiteFideId "5019184"]
[BlackFideId "5028183"]
[EventDate "2014.03.18"]

1. d4 e6 2. c4 Bb4+ 3. Nd2 d5 4. Qa4+ Nc6 5. e3 Nf6 6. Nf3 O-O 7. a3 Bxd2+ 8.
Bxd2 Ne4 9. Bd3 Nxd2 10. Nxd2 dxc4 11. Be4 e5 12. Bxc6 bxc6 13. Qxc6 Rb8 14.
Nxc4 exd4 15. Rd1 Bb7 16. Qc5 d3 17. O-O Qd5 18. Qxd5 Bxd5 19. Ne5 Rfe8 20. Nxd3
Bc4 21. Rfe1 Bxd3 22. Rxd3 Rxb2 23. Kf1 Kf8 24. Rc1 Rc8 25. Rdc3 Rd8 26. Rc4 Ra2
27. g4 Rd7 28. Ra4 g6 29. Rcc4 Rd6 30. Rxa7 Rf6 31. Rf4 Rxf4 32. exf4 c5 33. Kg2
c4 34. Rc7 Rxa3 35. Rxc4 Ra5 36. Kg3 Kg7 37. Re4 Kf6 38. Re8 Rb5 39. Rg8 h6 40.
h4 Rb3+ 41. f3 Rb1 42. g5+ hxg5 43. hxg5+ Ke7 44. f5 gxf5 45. Kf4 Rb5 46. Ra8
Rc5 47. Ra6 Kf8 48. Rf6 Kg7 49. Rxf5 Rc4+ 50. Ke5 Rc5+ 51. Ke4 Rc4+ 52. Kd3 Rc6
53. Ke3 Kg6 54. Ra5 f6 55. gxf6 Kxf6 56. f4 Rc1 57. Ra6+ Kf5 58. Ra5+ Kf6 59.
Ke4 Re1+ 60. Kf3 Rf1+ 1/2-1/2